Представление документа в формате RUSMARC

ПолеНазваниеЗначение
  Тип записи a
  Библиографический уровень m
001 Контрольный номер 9f8a02e9b2fe4836a605db585bb9c37a
005 Дата корректировки 20230630091812.4
101 Язык документа 0_
a Язык текста rus
200 Заглавие и сведения об ответственности 1_
a Заглавие Кооперация предпринимателей: твой бизнес-старт
e Сведения, относящиеся к заглавию матер. науч.-практ. конференции Всеросс. форума, посвященного Дню российского предпринимательства (Казань, 18 мая 2023 г.)
f Первые сведения об ответственности под ред. А.Р. Набиевой
210 Выходные данные 1_
a Место издания Казань
d Дата издания 2023
215 Физическое описание __
a Объем 199 с.
686 Индексы других классификаций __
a Классификационный индекс 65.29
801 Источник записи _0
a Страна RU
b Организация РУК
c Дата составления 20230630
g Правила каталогизации PSBO
801 Источник записи _1
a Страна RU
b Организация РУК
g Правила каталогизации PSBO
852 Данные о местонахождении __
i Авторский знак К 65
j Шифр хранения ББК 65.29
901 Тип документа __
t Тип документа m
937 Технологическая информация __
a Создатель записи (имя) Мясникова
938 Служебная информация __
a Название организации Головной вуз